LEADER 01056nam0-22003131i-450- 001 990005281260403321 005 20050725101709.0 035 $a000528126 035 $aFED01000528126 035 $a(Aleph)000528126FED01 035 $a000528126 100 $a19990604d1967----km-y0itay50------ba 101 0 $afre 105 $ay-------001yy 200 1 $a<>interprètation de la Bible des origines chrètiennes a nos jours$fRobert M. Grant$gtraduit de l'anglais par Jeannne Henri Merrou 210 $aParis$cÉditionditions du Seuil 215 $a189 p.$d22 cm 312 $aTit. orig.: a short history of the interpretation of the Bible 610 0 $aBIBBIA$aInterpretazione$aStoria 676 $a220.609$v21$zita 700 1$aGrant,$bRobert M.$047346 702 1$aMarrou,$bJeanne Henri 801 0$aIT$bUNINA$gRICA$2UNIMARC 901 $aBK 912 $a990005281260403321 952 $a220.6 GRA 1$bST.REL. 503$fFLFBC 959 $aFLFBC 996 $aInterprètation de la Bible des origines chrètiennes a nos jours$9537731 997 $aUNINA LEADER 00870nam a2200253 i 4500 001 991001310029707536 005 20020507191120.0 008 970303s1960 uk ||| | eng 035 $ab10829817-39ule_inst 035 $aLE01310305$9ExL 040 $aDip.to Matematica$beng 082 0 $a500 084 $aAMS 01A74 100 1 $aHartley, Harold$013059 245 14$aThe Royal Society :$bits origins and founders /$cedited by Harold Hartley 260 $aLondon :$bThe Royal Society London,$c1960 300 $a275 p. ;$c26 cm. 650 4$aInstitutions 907 $a.b10829817$b21-09-06$c28-06-02 912 $a991001310029707536 945 $aLE013 01A HAR11 (1960)$g1$i2013000078304$lle013$o-$pE0.00$q-$rl$s- $t0$u2$v0$w2$x0$y.i10938163$z28-06-02 996 $aRoyal Society$9924566 997 $aUNISALENTO 998 $ale013$b01-01-97$cm$da $e-$feng$guk $h4$i1